| 000 | 00663nam a22002177a 4500 | ||
|---|---|---|---|
| 999 |
_c11888 _d11888 |
||
| 003 | AR-CdUCM | ||
| 008 | 190405b ||||| |||| 00| 0 spa d | ||
| 040 |
_aMUNICIPALIDAD PROVINCIAL DEL CUSCO _cBIBLIOTECA MUNICIPAL DEL CUSCO |
||
| 082 |
_a869.557 / _bP89 / 1928 |
||
| 100 |
_aGonzález Prada, Manuel, _9638 |
||
| 245 | _aPresbiterianas / | ||
| 260 |
_aLima : _bLibr. e Impr. El Inca, _c1928. |
||
| 300 |
_a107 paginas ; _c17 cm. |
||
| 500 | _aDonación familia Nieto | ||
| 505 | _aContenido :Poesías / | ||
| 650 |
_aLiteratura peruana _9169 |
||
| 650 |
_aPoesías _92272 |
||
| 650 |
_aSiglo XIX _9971 |
||
| 942 |
_2ddc _cLIBROS |
||
| 945 |
_arjall _d2019-04-05 |
||